| 000 | 01108naa a22002897a 4500 | ||
|---|---|---|---|
| 001 | BR8802637 | ||
| 003 | BR-BrBNA | ||
| 005 | 20250721154609.0 | ||
| 007 | ta | ||
| 008 | 250630b bl.|||m| |||| 00| 0 por d | ||
| 040 |
_aBR-BrBNA _bpor _cBiblioteca Nacional de Agricultura |
||
| 041 | _a(Pt) | ||
| 072 |
_aF03 _b0336 _b3575 |
||
| 090 | _aF03 BR8802637 | ||
| 100 | 1 | _aFratin, P. | |
| 100 | 1 | _aMarcos Filho, J. | |
| 111 | 1 |
_a3. Seminario Nacional de Pesquisa de Soja _cCampinas, SP (Brazil) _d20-24 Feb 1984 |
|
| 245 | 1 | _aTeste de envelhecimento de sementes de soja em "Gerbox" adaptado | |
| 500 | _aAnais do 3. Seminario Nacional de Pesquisa de Soja Londrina, PR (Brasil): 1984. p. 1008-1016 [Summaries (En, Pt); 12 ref.] (BR8802637-AMS) | ||
| 773 | 0 |
_tAnais do 3. Seminario Nacional de Pesquisa de Soja _wF03 BR8802637 _gLondrina, PR (Brasil), 1984. p. 1008-1016 |
|
| 650 | _aSOJA | ||
| 650 | _aSEMENTE | ||
| 650 | _aENVELHECIMENTO | ||
| 490 |
_aDocumentos - Centro Nacional de Pesquisa de Soja (Brazil) _vno. 7 _xISSN 0101-5494 |
||
| 942 |
_cAMS _2AGRIS |
||
| 909 |
_a202506 _bLúcia _c55 _dLúcia Elande |
||
| 999 |
_c335926 _d335926 |
||